00505nam a2200193 a 4500001001300000003000900013005001700022008004100039020001000080082001800090100002200108245005000130260003400180300000900214500003500223505001300258650001800271700002200289nice12345678IN_TiNIC20260116011830.0050524s1955 edia grp 000 0 eng  ac10000a323.1194bRIC aRichmomd, Anthony aColour Problemb a Study of Racial Relations. aEdinburghbPenguin Bookc1955 a370p aincludes index and biblioraphy2 aAppendix aRacism-Africa1 aRichmomd, Anthony